Onyxová bouře /
Třetí díl fantasy série Empyreum z prostředí elitní válečné akademie. Po téměř osmnácti měsících na válečné škole Violet ví, že na lekce už není čas. Už není čas na nejistotu, protože bitva skutečně začala...
Uloženo v:
| Série: | Empyreum,
část 3 |
|---|---|
| Hlavní autor: | |
| Další autoři: | |
| Médium: | E-kniha |
| Jazyk: | Czech |
| Vydáno: |
Praha :
Fragment,
2025
|
| Vydání: | 1. vydání |
| Témata: | |
| Příbuzné jednotky: | Z cyklu::
Empyreum |
| Tagy: |
Žádné tagy |
| LEADER | 03009nam a2200553 i 4500 | ||
|---|---|---|---|
| 001 | 312693 | ||
| 003 | CZ PrSKC | ||
| 005 | 20260601215727.0 | ||
| 007 | ta | ||
| 008 | 250423s2025 xr d 000 f cze | ||
| 015 | |a cnb003682649 | ||
| 020 | |a 9788025372197 |q (vázáno) : |c Kč 699,00 | ||
| 035 | |a (OCoLC)1523000871 | ||
| 040 | |a ABG001 |b cze |d ABA001 |e rda | ||
| 041 | 1 | |a cze |h eng | |
| 072 | 7 | |a 821.111(73)-3 |x Americká próza |2 Konspekt | |
| 072 | 7 | |a 821-93 |x Literatura pro děti a mládež (beletrie) |2 Konspekt | |
| 080 | |a 821.111(73)-31 |2 MRF | ||
| 080 | |a 821-93-053.67 |2 MRF | ||
| 080 | |a 821-93 |2 MRF | ||
| 080 | |a (0:82-312.9) |2 MRF | ||
| 100 | 1 | |a Yarros, Rebecca, |d 1981- |7 xx0306981 |4 aut | |
| 240 | 1 | 0 | |a Onyx storm. |l Česky |
| 245 | 1 | 0 | |a Onyxová bouře / |c Rebecca Yarros ; přeložila Pavla Kubešová |
| 250 | |a 1. vydání | ||
| 264 | 1 | |a Praha : |b Fragment, |c 2025 | |
| 300 | |a 626 stran ; |c 22 cm | ||
| 336 | |a text |b txt |2 rdacontent | ||
| 337 | |a bez média |b n |2 rdamedia | ||
| 338 | |a svazek |b nc |2 rdacarrier | ||
| 500 | |a Přeloženo z angličtiny | ||
| 500 | |a Nad názvem uvedeno: Vzdoruj temnotě | ||
| 520 | 2 | |a Třetí díl fantasy série Empyreum z prostředí elitní válečné akademie. Po téměř osmnácti měsících na válečné škole Violet ví, že na lekce už není čas. Už není čas na nejistotu, protože bitva skutečně začala... |b Po téměř roce a půl na Basgiathské válečné akademii Violet ví, že na další studium už není čas. Bitva vypukla a Navarra zoufale potřebuje spojence. Cesta za hranice ochranného štítu prověří každý kousek Violetina důvtipu, štěstí a síly, ale ona udělá cokoli, aby zachránila své milované. I kdyby to znamenalo udržet tajemství tak velké, že by mohlo všechno zničit. Potřebují armádu. Potřebují magii. A potřebují to, co dokáže najít jen Violet: pravdu. Ale blíží se bouře... a ne každý její běsnění přežije. Nakladatelská anotace. | |
| 655 | 7 | |a americké romány |7 fd131796 |2 czenas | |
| 655 | 7 | |a fantasy romány |7 fd184199 |2 czenas | |
| 655 | 7 | |a literatura young adult |7 fd1185572 |2 czenas | |
| 655 | 7 | |a publikace pro mládež |7 fd133157 |2 czenas | |
| 655 | 9 | |a American fiction |2 eczenas | |
| 655 | 9 | |a fantasy novels |2 eczenas | |
| 655 | 9 | |a young adult literature |2 eczenas | |
| 655 | 9 | |a juvenile literature |2 eczenas | |
| 700 | 1 | |a Kubešová, Pavla, |d 1969- |7 xx0039531 |4 trl | |
| 787 | 0 | 8 | |i Z cyklu: |t Empyreum |g 3 |
| 900 | |a ABA001 |b 20 | ||
| 928 | 9 | |a Albatros Media - Fragment | |
| 044 | |a xr | ||
| 910 | |a RBIT002 | ||
| 998 | |d 419854 |a https://core.palmknihy.cz/api/books/419854/cover?sy5jmm |b https://core.palmknihy.cz/api/books/419854/cover/400?sy5jmm |c https://core.palmknihy.cz/api/books/419854/cover/50?sy5jmm |e 2033-11-09 |g 656 |i 9788025372197 |j https://core.palmknihy.cz/api/books/419854/preview.epub |k https://core.palmknihy.cz/api/books/419854/preview.pdf |l |q 49 |r 1 |s https://www.palmknihy.cz/kniha/419854 |t ebook |y 2025 |z 0 |v Empyreum (CZ) |w 3 | ||
| 999 | |d 312691 | ||